Programming for Problem solving : (Record no. 168082)

MARC details
000 -LEADER
fixed length control field 00693nam a22002057a 4500
005 - DATE AND TIME OF LATEST TRANSACTION
control field 20190926120850.0
010 ## - LCCN (DPL NO)
LC control number ENG-126557
020 ## - INTERNATIONAL STANDARD BOOK NUMBER
Terms of availability 360.00
International Standard Book Number 9789353168087
035 ## - SYSTEM CONTROL NUMBER
System control number EN-110089
037 ## - SOURCE OF ACQUISITION
Source of stock number/acquisition DBAD/PUB
082 ## - DEWEY DECIMAL CLASSIFICATION NUMBER
Classification number 005.133
100 ## - MAIN ENTRY--PERSONAL NAME
Personal name Balagurusamy,E
245 ## - TITLE STATEMENT
Title Programming for Problem solving :
Statement of responsibility, etc By Balagurusamy
Remainder of title Gujrat technological university-2019
260 ## - PUBLICATION, DISTRIBUTION, ETC. (IMPRINT)
Place of publication, distribution, etc Chennai
Name of publisher, distributor, etc McGraw Hill Education (India)Private Limited
Date of publication, distribution, etc 2019
270 ## - ADDRESS
City Chennai
Address 444/1,Sri Ekambara Naicker Industrial Estate,Alapakkam,Porur
Postal code 600116
300 ## - PHYSICAL DESCRIPTION
Extent 417p.
Dimensions 25cm,(pbk)
700 ## - ADDED ENTRY--PERSONAL NAME
Personal name By Fair, Ray C.
700 ## - ADDED ENTRY--PERSONAL NAME
Personal name By Oster, Sharon E.
942 ## - ADDED ENTRY ELEMENTS (KOHA)
Source of classification or shelving scheme Dewey Decimal Classification
Item type English Books
Classification part 005.133
Call number suffix BAL
Holdings
Withdrawn status Lost status Not for loan Collection code Home library Current library Date acquired Source of acquisition Cost, normal purchase price Full call number Barcode Copy number Cost, replacement price Koha item type
      Non-fiction Sarojini Nagar Sarojini Nagar 26/09/2019 DBAD/PUB 360.00 005.133 BAL EN-110089 1 360.00 English Books

© Delhi Public Library
Hit Counter
free hit counter